Pastel*Palettes全楽曲 - Statistics

General Stats
  • This quiz has been taken 14 times
  • The average score is 11 of 31
Answer Stats
Hint Answer % Correct
5th Single きゅ~まい*flower
82%
1st Single しゅわりん☆どり~みん
73%
3rd Single もういちどルミナス
73%
2nd Single はなまる◎アンダンテ
64%
4th Single 天下トーイツ A to Z☆
55%
2nd Single ゆら・ゆらRing-Dong-Dance
55%
1st Album TITLE IDOL
55%
1st Single パスパレボリューションず☆
45%
1st Album あっつあつ 常夏 らぶ☆サマー!
45%
5th Single ゼッタイ宣言~Recital~
45%
3rd Single SURVIVOR ねばーぎぶあっぷ!
45%
4th SIngle Wonderland Girl
45%
7th Single ゆめゆめグラデーション
36%
Single るんっ♪てぃてぃー!
36%
6th Single ワクワクmeetsトリップ
36%
1st Album Winking☆Cheer
36%
2nd Album ハレハレ☆フォーチュン
27%
2nd Album ハナヒバナ
27%
2nd Album あこがれacross
27%
Single(ZAQとのタイアップ) Brand new Pastel Road!
27%
6th Single ぎゅっDAYS♪
27%
1st Album Power of LOVE!!!
27%
7th Single Wonderful Sweet!
27%
2nd Album パッパレ☆人生バーン万歳!
18%
3rd Album ドラマチック!アライブ
18%
3rd Album everyday flower
18%
不明 フレっとパレットFight Song!!
18%
3rd Album Radiate Warriors
18%
3rd Album トリドリ*パレット
9%
3rd Album ReReReエボリューションず☆
9%
不明 With~きみとわたしたちの物語~
9%
No matching quizzes found
Score Distribution
Percent of People with Each Score
Percentile by Number Answered
Your Score History
You have not taken this quiz